Effect of cooperation & competition upon interpersonal relationship (Record no. 13331)

MARC details
000 -LEADER
fixed length control field 00670nam a2200217Ia 4500
082 ## - DEWEY DECIMAL CLASSIFICATION NUMBER
Classification number TS.0844
100 ## - MAIN ENTRY--AUTHOR NAME
Personal name Srivastava, Anjuli
245 #0 - TITLE STATEMENT
Title Effect of cooperation & competition upon interpersonal relationship
260 ## - PUBLICATION, DISTRIBUTION, ETC. (IMPRINT)
Year of publication 1994
Name of publisher M.S. University of Baroda
300 ## - PHYSICAL DESCRIPTION
Number of Pages 204p.
650 ## - SUBJECT ADDED ENTRY--TOPICAL TERM
Topical Term GROUP DYNAMICS//SOCIAL GROUPS
650 ## - SUBJECT ADDED ENTRY--TOPICAL TERM
Topical Term HUMAN INTERACTION//SOCIAL INTERACTION
650 ## - SUBJECT ADDED ENTRY--TOPICAL TERM
Topical Term INTERPERSONAL RELATIONS
650 ## - SUBJECT ADDED ENTRY--TOPICAL TERM
Topical Term INTERPERSONAL RELATIONS
650 ## - SUBJECT ADDED ENTRY--TOPICAL TERM
Topical Term COOPERATIVENESS
650 ## - SUBJECT ADDED ENTRY--TOPICAL TERM
Topical Term COMPETITION (PSYCHOLOGY)
650 ## - SUBJECT ADDED ENTRY--TOPICAL TERM
Topical Term SOCIAL INTERACTION
650 ## - SUBJECT ADDED ENTRY--TOPICAL TERM
Topical Term COOPERATION (PSYCHOLOGY)//COOPERATIVENESS
710 ## - ADDED ENTRY--CORPORATE NAME
Corporate name or jurisdiction name as entry element Parlikar, R.K.
942 ## - ADDED ENTRY ELEMENTS (KOHA)
Koha item type Thesis
Source of classification or shelving scheme Dewey Decimal Classification
Holdings
Withdrawn status Lost status Damaged status Not for loan Home library Current library Date acquired Bill Date Full call number Accession Number Price effective from Koha item type
        NASSDOC Library NASSDOC Library 08/10/2004 2008-12-30 TS.0844 35567 18/04/2019 Thesis